Statistics for Counties of Croatia Map Quiz

Click here to take the quiz!

General Stats

  • This quiz has been taken 118 times
  • The average score is 14 of 21

Answers on the Map

Answers color-coded by a green-red scale on the quiz's map according to % correct below.
 

Answer Stats

Answer% Correct
Dubrovnik-Neretva
84%
Istria
81%
Split-Dalmatia
79%
Zadar
78%
Osijek-Baranja
74%
Vukovar-Syrmia
74%
Zagreb County
73%
Brod-Posavina
70%
City of Zagreb
70%
Karlovac
70%
Međimurje
67%
Primorje-Gorski Kotar
67%
Lika-Senj
66%
Varaždin
63%
Požega-Slavonia
62%
Šibenik-Knin
62%
Krapina-Zagorje
60%
Koprivnica-Križevci
56%
Sisak-Moslavina
56%
Bjelovar-Bilogora
53%
Virovitica-Podravina
51%

Score Distribution

Percentile by Number Answered

Percent of People with Each Score

Your Score History

You have not taken this quiz